| 000 | 01138cam a2200325 a 4500 | ||
|---|---|---|---|
| 001 | 15412878 | ||
| 003 | SISC | ||
| 005 | 20170227140106.0 | ||
| 008 | 080814s2009 nyu c 000 1 eng | ||
| 010 | _a 2008030724 | ||
| 020 | _a9780810997202 | ||
| 040 |
_aDLC _cDLC _dDLC |
||
| 042 | _alcac | ||
| 050 | 0 | 0 |
_aPZ 7 .F889153 _bOpe 2009 |
| 082 | 0 | 0 | _a[Fic] |
| 100 | 1 | _aFrench, S. Terrell. | |
| 245 | 1 | 0 |
_aOperation redwood _cS. Terrell French. |
| 260 |
_aNew York : _bAmulet Books, _c2009. |
||
| 300 |
_a353 p. ; _c22 cm. |
||
| 520 | _aIn northern California, Julian Carter-Li and his friends old and new fight to save a grove of redwoods from an investment company that plans to cut them down. | ||
| 650 | 1 |
_aEnvironmental protection _vFiction. |
|
| 650 | 1 |
_aRedwoods _vFiction. |
|
| 650 | 1 |
_aTrees _vFiction. |
|
| 650 | 1 |
_aFriendship _vFiction. |
|
| 650 | 1 |
_aGrandmothers _vFiction. |
|
| 651 | 1 |
_aCalifornia, Northern _vFiction. |
|
| 906 |
_a7 _bcbc _corignew _d1 _eecip _f20 _gy-gencatlg |
||
| 942 |
_2lcc _cBK |
||
| 999 |
_c294943 _d294943 |
||